<?xml version="1.0" encoding="UTF-8"?>
<collection xmlns="http://www.loc.gov/MARC21/slim">
  <record>
    <leader>00000nam  2200000   4500</leader>
    <controlfield tag="001">INLIS000000000018481</controlfield>
    <controlfield tag="005">20241119092634</controlfield>
    <datafield tag="035" ind1="#" ind2="#">
      <subfield code="a">0010-1124000147</subfield>
    </datafield>
    <controlfield tag="007">ta</controlfield>
    <controlfield tag="008">241119###########################0######</controlfield>
    <datafield tag="245" ind1="#" ind2="#">
      <subfield code="a">PRESTASI :</subfield>
      <subfield code="b">Praktikum EViews Terpadu untuk Analisis Data dan Studi Ilmiah /</subfield>
      <subfield code="c">Abdul Azis R, S.E., M.M</subfield>
    </datafield>
    <datafield tag="260" ind1="#" ind2="#">
      <subfield code="a">Makassar :</subfield>
      <subfield code="b">Puslatbang KMP LAN RI,</subfield>
      <subfield code="c">2024</subfield>
    </datafield>
    <datafield tag="300" ind1="#" ind2="#">
      <subfield code="a">36 ;</subfield>
      <subfield code="c">30</subfield>
    </datafield>
    <datafield tag="650" ind1="#" ind2="4">
      <subfield code="a">Pelatihan dan panduan khusus agar mahasiswa dapat menguasai alat komprehensif</subfield>
    </datafield>
    <datafield tag="700" ind1=" " ind2="#">
      <subfield code="a">Prof. Dr. Muhammad Yunus Kasim, S.E., M.Si (Mentor)</subfield>
    </datafield>
    <datafield tag="700" ind1=" " ind2="#">
      <subfield code="a">Andi Wahyudin, S.E., M.Si (Coach)</subfield>
    </datafield>
    <datafield tag="520" ind1="#" ind2="#">
      <subfield code="a">Aparatur Sipil Negara (ASN) di Indonesia, sesuai UU No. 20 Tahun 2023, adalah profesi yang mencakup PNS dan pegawai kontrak di instansi pemerintah, dengan tugas menjaga netralitas, profesionalisme, serta bebas dari korupsi ASN juga dituntut memberikan pelayanan publik yang optimal dan memperkuat persatuan bangsa. CPNS diwajibkan mengikuti Latsar, sebagaimana diatur dalam Peraturan LAN No. 1 Tahun 2021, untuk membangun integritas, nasionalisme, dan kompetensi. &#13;
Di tingkat pendidikan tinggi, mahasiswa Program Studi Manajemen (S1) juga diharuskan menyelesaikan skripsi sebagai syarat kelulusan, sesuai Permenristekdikti No. 50 Tahun 2018. Kurikulum Merdeka Belajar- Kampus Merdeka (MBKM) memberikan fleksibilitas dalam syarat kelulusan, termasuk opsi proyek independen atau publikasi ilmiah.&#13;
&#13;
Namun, banyak mahasiswa yang terbatas dalam penggunaan alat analisis data seperti SPSS, sementara aplikasi lain seperti EViews, Smart PLS, atau Amos jarang dimanfaatkan. Hal ini menghambat kemampuan&#13;
&#13;
mereka dalam mengolah data penelitian. Oleh karena itu, diperlukan pelatihan dan panduan khusus agar mahasiswa dapat menguasai alat analisis data secara komprehensif, mendukung kelulusan tepat waktu, dan meningkatkan kualitas karya ilmiah. Masalah ini relevan untuk diangkat sebagai isu aktualisasi dalam Latsar CPNS 2024, dengan fokus pada peningkatan kompetensi mahasiswa dalam penggunaan aplikasi EViews. Hal ini diharapkan dapat menciptakan lulusan yang memiliki kemampuan analisis unggul dan siap bersaing di dunia kerja</subfield>
    </datafield>
    <datafield tag="856" ind1="#" ind2="#">
      <subfield code="a">Puslatbang KMP LAN</subfield>
    </datafield>
  </record>
</collection>
